Library Banner

Intermediate algebra (Record no. 19547)

MARC details
000 -LEADER
fixed length control field 00479nam a2200193Ia 4500
001 - CONTROL NUMBER
control field 19167
008 - FIXED-LENGTH DATA ELEMENTS--GENERAL INFORMATION
fixed length control field 140407s9999 xx 000 0 und d
020 ## - INTERNATIONAL STANDARD BOOK NUMBER
International Standard Book Number 0-321-04132-8
040 ## - CATALOGING SOURCE
Transcribing agency PK-LaUMT
082 ## - DEWEY DECIMAL CLASSIFICATION NUMBER
Classification number 512.9
Item number LIA-I
100 ## - MAIN ENTRY--PERSONAL NAME
Personal name John Hornsby
245 ## - TITLE STATEMENT
Title Intermediate algebra
Statement of responsibility, etc John Hornsby<>Margaret L. Lial
250 ## - EDITION STATEMENT
Edition statement 8th
260 ## - PUBLICATION, DISTRIBUTION, ETC. (IMPRINT)
Place of publication, distribution, etc Harlow,England:
Name of publisher, distributor, etc Addision-Wesley,
Date of publication, distribution, etc 2000
300 ## - PHYSICAL DESCRIPTION
Extent 738 p.
546 ## - LANGUAGE NOTE
Language note EN
700 ## - ADDED ENTRY--PERSONAL NAME
Personal name Margaret L. Lial
942 ## - ADDED ENTRY ELEMENTS (KOHA)
Koha item type Books
Holdings
Withdrawn status Lost status Damaged status Not for loan Home library Current library Date acquired Total Checkouts Full call number Barcode Date last seen Price effective from Koha item type
        UMT Main Campus UMT Main Campus 2014-04-07   512.9 LIA-I 22352 2014-04-23 2014-04-23 Books